000 01329nam0a2200337 4500
001 RU\NLR\bibl\473413
005 20260405054629.0
010 _a5-8405-0474-2
_910 000
021 _aRU
_b2003-57983
_92836
035 _a(NLR Aleph) 000466500
090 _a966660
_c966660
100 _a20031218d2003 |||y0rusy50 ca
101 1 _arus
_ceng
102 _aRU
105 _aa |||||||||
200 1 _aПамятники древнеиндейской культуры
_e[Пер. с англ.]
_fБрайен Иннес
210 _aМ.
_cМир кн.
_d2003
215 _a45, [2] с.
_cил., цв. ил.
_d21
225 1 _aСерия: Неразгаданные тайны
300 _aЗагл. и авт. ориг.: Natives American monuments/ Brian Innes
300 _aНа обл. авт. не указан
320 _aПредм. указ. в конце кн.
454 0 _12001#$aNatives American monuments$fBrian Innes
_tNatives American monuments
606 0 _aИндейцы
_xАрхеология
_yСеверная Америка
_91172419
_3RU\NLR\auth\66470609
686 _aТ4(71)27-431.1
700 1 _4070
_8rus
_7ca
_aИннес
_bБ.
_f1928-2014
_gБрайен
_3RU\NLR\AUTH\7718326
_91404
801 0 _aRU
_bNLR
_c20031218
_gPSBO
801 1 _aRU
_bNLR
_c20031218
942 _cBOOK
980 _aNB